| 000 | nam a22 7a 4500 | ||
|---|---|---|---|
| 999 |
_c331055 _d331055 |
||
| 003 | NUST | ||
| 005 | 20170830111348.0 | ||
| 008 | 170830b xxu||||| |||| 00| 0 eng d | ||
| 040 | _c0 | ||
| 082 | _a616.89152 GRO | ||
| 100 | _4Corey, Marianne Schneider | ||
| 245 | _aGroups : process and practice | ||
| 260 |
_aAustralia _bBrooks _c2014 |
||
| 300 | _a449p | ||
| 942 |
_2ddc _cBK |
||